000 00457nam a22001697a 4500
003 BUBTL
008 210308b xxu||||| |||| 00| 0 eng d
082 _a343.025492/KHL
100 _aKhan, M. Faruq
_94026
245 _aLand Laws of Bangladesh
_bM. Faruq Khan
260 _aDhaka
_bDynamic Publications
_cc2007
300 _a412p . :
_b24cm.
650 _aLaw
_94027
856 _k0
_l0
_yDownload
942 _2ddc
_cBK
999 _c6478
_d6478